BIBLIOTECA

SENCICO

Mejoramiento de los procesos de la empresa (Registro nro. 1533)

Detalles MARC
000 -LEADER
fixed length control field 00595nam a2200241Ia 4500
005 - DATE AND TIME OF LATEST TRANSACTION
control field 20251020182514.0
008 - FIXED-LENGTH DATA ELEMENTS--GENERAL INFORMATION
fixed length control field 200515s9999 xx 000 0 und d
020 ## - INTERNATIONAL STANDARD BOOK NUMBER
International Standard Book Number 958-600-293-4
082 ## - DEWEY DECIMAL CLASSIFICATION NUMBER
Classification number 658.31/H22/4
100 ## - MAIN ENTRY--PERSONAL NAME
Personal name Harrington, H. J.
245 #0 - TITLE STATEMENT
Title Mejoramiento de los procesos de la empresa
260 ## - PUBLICATION, DISTRIBUTION, ETC.
Place of publication, distribution, etc. Santa Fé de Bogotá, D.C.
260 ## - PUBLICATION, DISTRIBUTION, ETC.
Name of publisher, distributor, etc. McGraw-Hill
260 ## - PUBLICATION, DISTRIBUTION, ETC.
Date of publication, distribution, etc. 1994
300 ## - PHYSICAL DESCRIPTION
Extent 309
300 ## - PHYSICAL DESCRIPTION
Other physical details tbls.
490 ## - SERIES STATEMENT
Series statement Serie McGraw-Hill de calidad total
500 ## - GENERAL NOTE
General note 1 ejemplar
650 ## - SUBJECT ADDED ENTRY--TOPICAL TERM
Topical term or geographic name entry element CALIDAD TOTAL
650 ## - SUBJECT ADDED ENTRY--TOPICAL TERM
Topical term or geographic name entry element EMPRESAS
942 ## - ADDED ENTRY ELEMENTS (KOHA)
Koha item type Libros
Existencias
Fecha de la última vez que lo usaron Pago total Signatura topográfica completa Código de barras Precio efectivo desde Tipo de documento Estado perdido Estado dañado No es para préstamo Retirado Ubicación permanente Ubicación actual Fecha de adquisición
15/05/2020   658.31/H22/4 Bib-Lima15051533 15/05/2020 Libros         Biblioteca Central Lima Biblioteca Central Lima 15/05/2020